Logo BPK

Biblioteka

Politechniki Koszalińskiej

Schritte international 2 (Rekord nr 41165)

Szczegóły MARC
000 -ETYKIETA REKORDU
podpole kontrolne o stałej długości 00871nam a2200277 i 4500
001 - NUMER KONTROLNY REKORDU
pole kontrolne bg
020 ## - MIĘDZYNARODOWY ZNORMALIZOWANY NUMER KSIĄŻKI - ISBN
ISBN 9788360227169
040 ## - ŹRÓDŁO KATALOGOWANIA
Instytucja, która utworzyła rekord BPK
041 0# - KOD JĘZYKA
Kod języka tekstu ger
044 ## - KOD KRAJU WYDAWCY/PRODUCENTA
Kod kraju wydawcy/producenta pol
080 ## - UNIWERSALNA KLASYFIKACJA DZIESIĘTNA - UKD
UKD 811.112.2(075.3-021-66)(0.034.44)
008 - POLE O STAŁEJ DŁUGOŚCI - DANE KONTROLNE
podpole kontrolne o stałej długości s pl f |000 0 pol
245 00 - TYTUŁ/ODPOWIEDZIALNOŚĆ
Tytuł Schritte international 2
Ciąg dalszy tytułu podręcznik.
Oznaczenie części/sekcji dzieła CD 1-2.
Typ dokumentu [Dokument elektroniczny] :
250 ## - STREFA WYDANIA
Oznaczenie wydania Edycja polska.
260 ## - STREFA ADRESU WYDAWNICZEGO
Miejsce wydania Warszawa :
Nazwa wydawcy/dystrybutora Hueber Polska,
Data publikacji, dystrybucji/powstania dokumentu cop. 2006.
300 ## - STREFA OPISU FIZYCZNEGO
Objętość 2 dyski optyczne (CD-ROM) :
Inne cechy fizyczne dźw. ;
Rozmiary 12 cm.
500 ## - UWAGI OGÓLNE
Tekst uwagi Tyt. z etykiety na dysku.
500 ## - UWAGI OGÓLNE
Tekst uwagi Oznaczenie wydania z etykiety na dysku.
500 ## - UWAGI OGÓLNE
Tekst uwagi Pojemnik : 12x14x1 cm.
500 ## - UWAGI OGÓLNE
Tekst uwagi Łączny czas nagrania : 90 minut.
505 0# - SFORMALIZOWANA UWAGA DOTYCZĄCA ZAWARTOŚCI
Pełny tekst uwagi CD 1 : Lektion 8-11 ; CD 2 : Lektion 12-14.
650 #9 - HASŁO PRZEDMIOTOWE W FORMIE NAZWY OGÓLNEJ LUB JEDNOSTKOWEJ
Nazwa ogólna lub geograficzna Język niemiecki
655 ## - TERMIN INDEKSOWY - OKREŚLENIE RODZAJU/FORMY DOKUMENTU
Określenie rodzaju/formy dokumentu Podręczniki
655 ## - TERMIN INDEKSOWY - OKREŚLENIE RODZAJU/FORMY DOKUMENTU
Określenie rodzaju/formy dokumentu Dokumenty elektroniczne
856 ## - LOKALIZACJA I DOSTĘP DO ELEKTRONICZNYCH DOKUMENTÓW ZDALNYCH
Link (URL) http://koha.tu.koszalin.pl/cgi-bin/koha/opac-detail.pl?biblionumber=41165
Tekst linku Katalog online BPK
942 ## - DODATKOWE ELEMENTY (KOHA)
Typ dokumentu Płyta CD
Egzemplarze
Wycofany Status egzemplarza Uszkodzony Dostępność Lokalizacja stała Lokalizacja bieżąca Miejsce przechowywania Sygnatura Kod kreskowy Typ dokumentu Numer ubytku
      Tylko na miejscu Biblioteka Politechniki Koszalińskiej Biblioteka Politechniki Koszalińskiej Czytelnia Wydziałowa ul. Kwiatkowskiego 6e CD 1472 02204222 Płyta CD  
  Egz. niedostępny   Niedostępny Biblioteka Politechniki Koszalińskiej Biblioteka Politechniki Koszalińskiej   CD 1473 02204239 Płyta CD 935
      Dostępny Biblioteka Politechniki Koszalińskiej Biblioteka Politechniki Koszalińskiej Wypożyczalnia BG CD 1474 02204246 Płyta CD  
      Dostępny Biblioteka Politechniki Koszalińskiej Biblioteka Politechniki Koszalińskiej Wypożyczalnia BG CD 1475 02204253 Płyta CD  
      Dostępny Biblioteka Politechniki Koszalińskiej Biblioteka Politechniki Koszalińskiej Wypożyczalnia BG CD 1476 02204260 Płyta CD  
© 2023 Biblioteka Politechniki Koszalińskiej :: KOHA